Poesía en expansión: Prácticas literarias experimentales en Chile 2000-2020.

Gardado en:
Detalles Bibliográficos
Autor Principal: Pérez Villalón, Fernando (autor)
Formato: Unknown
Publicado: Santiago, Chile: Ediciones Universidad Alberto Hurtado, 2024.
Series:Colección Estudios de Literatura.
Subjects:
Tags: Engadir etiqueta
Sen Etiquetas, Sexa o primeiro en etiquetar este rexistro!

MARC

LEADER 00000 a2200000 4500
003 CL-VaPUC
005 20250326100239.0
008 250206t2024 ||||| |||| 00| 0 eng d
999 |c 446865  |d 446863 
020 |a 978-956-357-470-8 
040 |c Pontificia Universidad Católica de Valparaíso 
082 |a Ch861 PER 2024 
100 |a Pérez Villalón, Fernando  |9 524843  |e autor 
245 |a Poesía en expansión:  |b Prácticas literarias experimentales en Chile 2000-2020.  
260 |a Santiago, Chile:  |b Ediciones Universidad Alberto Hurtado,  |c 2024. 
300 |a 184 páginas:  |b ilustraciones. 
490 |a Colección Estudios de Literatura. 
583 |k Gabriela Rodríguez Cuevas  |c 20250206 
650 0 |9 896171  |a Poesía visual  |x Historia y crítica  |y Siglo 21  |z Chile 
942 |2 ddc  |c BK 
952 |0 0  |1 0  |2 ddc  |4 0  |6 CH_861_000000000000000_PER_2024  |7 0  |8 A  |9 600205  |a BIBART  |b BIBART  |d 2025-01-30  |e 45  |g 16000.00  |i 5665073  |l 2  |o Ch861 PER 2024  |p 5665073  |r 2025-04-21  |s 2025-04-16  |t 1  |v 16000.00  |w 2025-01-30  |y BK  |k ART